000
00290nam a2200109Ia 4500
008
200302s9999 xx 000 0 und d
100
_a
B. G. Fernandes
245
_a
Planning in India Challenges and Opportunities
260
_b
Anmol Publication Pvt. Ltd.
260
_c
1996
300
_a
191 P.,
999
_c
5442
_d
5442